| 000 | 00505nam a2200181 a 4500 | ||
|---|---|---|---|
| 005 | 20140310183341.0 | ||
| 008 | 061219s19uu xx 00 eng d | ||
| 020 | _a9781845731595 | ||
| 050 |
_aNC 730 _b.C737 2006 |
||
| 245 | _aThe complete guide to drawing and painting. | ||
| 260 |
_aLondon : _bQuantum Publishing, Ltd, _c2006. |
||
| 300 |
_a448 p. : _bill,. ; _c27 cm. |
||
| 521 | _aMA | ||
| 650 |
_aDrawing _xTechnique. |
||
| 650 |
_aPainting _xTechnique. |
||
| 942 |
_cBK _2lcc _kFOR |
||
| 999 |
_c21822 _d21822 |
||